Proceedings of the Euroworkshop on Foliations Geometry and Dynamics, 29 May-9 June 2000, Warsaw, Poland / (Record no. 12041)
[ view plain ]
| 000 -LEADER | |
|---|---|
| fixed length control field | 01198cam a22003137a 4500 |
| 001 - CONTROL NUMBER | |
| control field | 13948023 |
| 005 - DATE AND TIME OF LATEST TRANSACTION | |
| control field | 20240818092924.0 |
| 008 - FIXED-LENGTH DATA ELEMENTS--GENERAL INFORMATION | |
| fixed length control field | 050502s2002 njua b 100 0 eng d |
| 010 ## - | |
| -- | 2005297892 |
| 020 ## - INTERNATIONAL STANDARD BOOK NUMBER | |
| International Standard Book Number | 9810247966 |
| 035 ## - SYSTEM CONTROL NUMBER | |
| System control number | (OCoLC)ocm49745664 |
| 040 ## - CATALOGING SOURCE | |
| Original cataloging agency | WTU |
| Transcribing agency | WTU |
| Modifying agency | DLC |
| 042 ## - | |
| -- | lccopycat |
| 050 00 - LIBRARY OF CONGRESS CALL NUMBER | |
| Classification number | QA613.62 |
| Item number | .E94 2000 |
| 082 00 - DEWEY DECIMAL CLASSIFICATION NUMBER | |
| Classification number | 514.72 |
| Edition number | 22 |
| Item number | PRO |
| 111 2# - MAIN ENTRY--MEETING NAME | |
| Meeting name or jurisdiction name as entry element | Euroworkshop on Foliations Geometry and Dynamics |
| Date of meeting | (2000 : |
| Location of meeting | Warsaw, Poland) |
| 9 (RLIN) | 6970 |
| 245 10 - TITLE STATEMENT | |
| Title | Proceedings of the Euroworkshop on Foliations Geometry and Dynamics, 29 May-9 June 2000, Warsaw, Poland / |
| Statement of responsibility, etc | editors, Pawe Walczak ... [et al.]. |
| 246 14 - VARYING FORM OF TITLE | |
| Title proper/short title | Foliations geometry and dynamics |
| 260 ## - | |
| -- | River Edge, N.J. : |
| -- | World Scientific, |
| -- | c2002. |
| 300 ## - PHYSICAL DESCRIPTION | |
| Extent | viii, 452 p. : |
| Other physical details | ill. ; |
| Dimensions | 23 cm. |
| 336 ## - CONTENT TYPE | |
| Source | rdacontent |
| Content type term | text |
| Content type code | txt |
| 337 ## - MEDIA TYPE | |
| Media type term | unmediated |
| Source | rdamedia |
| Media type code | n |
| 338 ## - CARRIER TYPE | |
| Carrier type term | volume |
| Carrier type code | nc |
| Source | rdacarrier |
| 504 ## - BIBLIOGRAPHY, ETC. NOTE | |
| Bibliography, etc | Includes bibliographical references. |
| 650 #0 - SUBJECT ADDED ENTRY--TOPICAL TERM | |
| Topical term or geographic name as entry element | Foliations (Mathematics) |
| Form subdivision | Congresses. |
| 9 (RLIN) | 6971 |
| 700 1# - ADDED ENTRY--PERSONAL NAME | |
| Personal name | Walczak, Pawet. |
| 9 (RLIN) | 6972 |
| 942 ## - ADDED ENTRY ELEMENTS (KOHA) | |
| Source of classification or shelving scheme | Dewey Decimal Classification |
| Koha item type | Book - Borrowing |
| Classification part | RDA-MOD |
| Withdrawn status | Lost status | Source of classification or shelving scheme | Damaged status | Not for loan | Collection code | Home library | Current library | Shelving location | Date acquired | Source of acquisition | Cost, normal purchase price | Total Checkouts | Full call number | Barcode | Date last seen | Price effective from | Koha item type |
|---|---|---|---|---|---|---|---|---|---|---|---|---|---|---|---|---|---|
| Dewey Decimal Classification | Alef-Baa | Central Library | Central Library | First floor | 25/06/2009 | 150.00 | 514.72 PRO | 000016922 | 15/07/2025 | 25/06/2009 | Book - Borrowing |